Welcome to CU Library Online Public Access Catalogue (OPAC)

THE COMPLETE MARRIAGE BOOK (Record no. 6212)

MARC details
000 -LEADER
fixed length control field 00380nam a22001457a 4500
005 - DATE AND TIME OF LATEST TRANSACTION
control field 20250603132222.0
008 - FIXED-LENGTH DATA ELEMENTS--GENERAL INFORMATION
fixed length control field 250603b |||||||| |||| 00| 0 eng d
020 ## - INTERNATIONAL STANDARD BOOK NUMBER
International Standard Book Number 9780800730475
050 ## - LIBRARY OF CONGRESS CALL NUMBER
Classification number BV835
Item number .C63 COM
245 ## - TITLE STATEMENT
Title THE COMPLETE MARRIAGE BOOK
260 ## - PUBLICATION, DISTRIBUTION, ETC.
Place of publication, distribution, etc. MICHIGAN
Name of publisher, distributor, etc. FLEMING H. REVELL
Date of publication, distribution, etc. 2002
300 ## - PHYSICAL DESCRIPTION
Extent 313p
700 ## - ADDED ENTRY--PERSONAL NAME
Personal name DAVID STOOP AND JAN STOOP
942 ## - ADDED ENTRY ELEMENTS (KOHA)
Source of classification or shelving scheme Library of Congress Classification
Koha item type Books
Suppress in OPAC No
999 ## -
-- 6212
-- 6212
Holdings
Withdrawn status Lost status Source of classification or shelving scheme Damaged status Not for loan Collection Home library Current library Shelving location Date acquired Total checkouts Full call number Barcode Date last seen Copy number Price effective from Koha item type
    Library of Congress Classification     Non-fiction Undergraduate Library (Christ Temple) Undergraduate Library (Christ Temple) General stacks 06/03/2025   BV835.C63 COM ulct00002941 06/03/2025 1 06/03/2025 Books
© 2023-2024 Copyright: Central University Libraries. All Rights Reserved | Created by: Mahone Tech Office